[Event "Croacia ch 2008"]
[Site "Split CRO"]
[Date "2008.01.16"]
[Round "1.2"]
[White "Zelcic, Robert"]
[Black "Saric, Ivan"]
[Result "1-0"]
[WhiteElo "2587"]
[BlackElo "2482"]
[PlyCount "83"]
[EventDate "2008.01.16"]
[EventType "tourn"]
[EventRounds "13"]
[EventCountry "CRO"]
[EventCategory "12"]
[Source "lmi"]
[SourceDate "2008.01.16"]

1. e4 c5 2. Nf3 Nc6 3. d4 cxd4 4. Nxd4 Nf6 5. Nc3 e5 6. Ndb5 d6 7. Bg5 a6 8.
Na3 b5 9. Nd5 Be7 10. Nxe7 Nxe7 11. Bd3 Bb7 12. Qe2 Nd7 13. b4 f6 14. Bd2 f5
15. exf5 O-O 16. c4 Nxf5 17. Bxf5 Rxf5 18. O-O Qh4 19. f3 Rh5 20. g4 Rg5 21.
Bxg5 Qxg5 22. Rad1 Rf8 23. Rxd6 Bxf3 24. Rxf3 Qxg4+ 25. Qg2 Qxf3 26. Qxf3 Rxf3
27. Rxa6 bxc4 28. Nxc4 Rc3 29. Nd6 Kf8 30. a4 Ke7 31. Nf5+ Kd8 32. a5 Rb3 33.
Ra8+ Kc7 34. Ra7+ Kd8 35. Rb7 Nc5 36. Rb5 g6 37. Rxc5 gxf5 38. b5 e4 39. Rxf5
Kc7 40. Rh5 Kb8 41. Kf2 h6 42. Rxh6 1-0

[Event "Croacia ch 2008"]
[Site "Split CRO"]
[Date "2008.01.16"]
[Round "1.4"]
[White "Kozul, Zdenko"]
[Black "Rezan, Sasa"]
[Result "1/2-1/2"]
[WhiteElo "2600"]
[BlackElo "2390"]
[PlyCount "135"]
[EventDate "2008.01.16"]
[EventType "tourn"]
[EventRounds "13"]
[EventCountry "CRO"]
[EventCategory "12"]
[Source "lmi"]
[SourceDate "2008.01.16"]

1. d4 Nf6 2. Nf3 e6 3. c4 d5 4. g3 dxc4 5. Bg2 Nc6 6. O-O a6 7. e3 Bd7 8. Nfd2
Na5 9. Nc3 c5 10. Nde4 Nxe4 11. Nxe4 Bb5 12. Nc3 Be7 13. d5 exd5 14. Bxd5 O-O
15. Qh5 Bc6 16. Rd1 Qe8 17. e4 Bf6 18. Bf4 Bxc3 19. bxc3 Bxd5 20. Qxd5 Qc6 21.
f3 Rac8 22. Qg5 Qg6 23. Rd5 Qxg5 24. Bxg5 f6 25. Bf4 Nc6 26. Rxc5 Ne5 27. Rxc8
Rxc8 28. Bxe5 fxe5 29. Rd1 b5 30. Rd5 Kf7 31. a3 g5 32. Rd7+ Kf6 33. Rd6+ Kf7
34. Rxa6 Rd8 35. Ra5 Rd3 36. Kg2 Rxc3 37. Rxb5 Kf6 38. Rb6+ Kf7 39. Rb7+ Kg6
40. Re7 Rc2+ 41. Kh3 Rf2 42. Re6+ Kf7 43. Rxe5 Rxf3 44. Kg4 Rf2 45. h3 h6 46.
Ra5 Rf6 47. Rc5 Kg6 48. h4 h5+ 49. Kh3 g4+ 50. Kg2 Ra6 51. Rxc4 Rxa3 52. Rc6+
Kg7 53. Rc5 Kg6 54. Rg5+ Kh6 55. Rf5 Re3 56. Rf4 Rb3 57. Rf6+ Kg7 58. Rf5 Kg6
59. Rg5+ Kh6 60. e5 Rf3 61. Rg8 Re3 62. Re8 Kg7 63. Re6 Re2+ 64. Kf1 Re3 65.
Kf2 Rf3+ 66. Kg2 Re3 67. Re8 Kf7 68. Rh8 1/2-1/2

[Event "Croacia ch 2008"]
[Site "Split CRO"]
[Date "2008.01.16"]
[Round "1.5"]
[White "Dizdar, Goran"]
[Black "Jovanovic, Zoran"]
[Result "1/2-1/2"]
[WhiteElo "2564"]
[BlackElo "2525"]
[PlyCount "38"]
[EventDate "2008.01.16"]
[EventType "tourn"]
[EventRounds "13"]
[EventCountry "CRO"]
[EventCategory "12"]
[Source "lmi"]
[SourceDate "2008.01.16"]

1. d4 d6 2. Nf3 g6 3. g3 Bg7 4. Bg2 c5 5. O-O Qb6 6. Nc3 cxd4 7. Nd5 Qc5 8. Nd2
Na6 9. b4 Qb5 10. Bb2 e6 11. a4 Qd7 12. b5 Nc5 13. Nb4 Ne7 14. Nc4 e5 15. c3
Qe6 16. Na5 dxc3 17. Bxc3 O-O 18. Ra2 Rd8 19. Rd2 e4 1/2-1/2

[Event "Croacia ch 2008"]
[Site "Split CRO"]
[Date "2008.01.16"]
[Round "1.6"]
[White "Kurajica, Bojan"]
[Black "Jankovic, Alojzije"]
[Result "1/2-1/2"]
[WhiteElo "2556"]
[BlackElo "2541"]
[PlyCount "109"]
[EventDate "2008.01.16"]
[EventType "tourn"]
[EventRounds "13"]
[EventCountry "CRO"]
[EventCategory "12"]
[Source "lmi"]
[SourceDate "2008.01.16"]

1. d4 Nf6 2. Nf3 g6 3. g3 d5 4. Bg2 Bg7 5. O-O O-O 6. Ne5 c6 7. c4 dxc4 8. Nxc4
Be6 9. Qd3 Nd5 10. Rd1 a5 11. a3 Nb6 12. Ne3 a4 13. d5 cxd5 14. Nxd5 Nxd5 15.
Bxd5 Qxd5 16. Qxd5 Bxd5 17. Rxd5 Nc6 18. Nc3 Rfd8 19. Rxd8+ Rxd8 20. Be3 Bxc3
21. bxc3 b5 22. c4 bxc4 23. Rc1 Ne5 24. Bf4 Rd5 25. e4 Nf3+ 26. Kg2 Rd3 27.
Rxc4 Rxa3 28. Bc1 Rb3 29. Rxa4 g5 30. Ra3 Ne1+ 31. Kh3 Rxa3 32. Bxa3 e6 33. Kg4
f6 34. f4 gxf4 35. gxf4 Kg7 36. h4 Nd3 37. h5 Kf7 38. Kf3 e5 39. f5 Ke8 40. h6
Kd7 41. Ke3 Nf4 42. Bb4 Nh3 43. Be1 Nf4 44. Bg3 Ke7 45. Bxf4 exf4+ 46. Kxf4 Kd6
47. Ke3 Kd7 48. Kd3 Kc7 49. Kc4 Kc6 50. Kd4 Kd6 51. e5+ fxe5+ 52. Ke4 Ke7 53.
Kxe5 Kf7 54. f6 Kf8 55. Kd4 1/2-1/2

[Event "Croacia ch 2008"]
[Site "Split CRO"]
[Date "2008.01.17"]
[Round "2.1"]
[White "Jovanovic, Zoran"]
[Black "Kurajica, Bojan"]
[Result "1/2-1/2"]
[WhiteElo "2525"]
[BlackElo "2556"]
[PlyCount "122"]
[EventDate "2008.01.16"]
[EventType "tourn"]
[EventRounds "13"]
[EventCountry "CRO"]
[EventCategory "12"]
[Source "lmi"]
[SourceDate "2008.01.16"]

1. e4 c5 2. Nf3 Nc6 3. Bb5 e6 4. O-O Nge7 5. Re1 Qb6 6. Bf1 g6 7. Na3 Bg7 8. c3
O-O 9. Nc2 d5 10. exd5 Nxd5 11. d4 cxd4 12. Ncxd4 Nxd4 13. Nxd4 Rd8 14. Qf3 e5
15. Nb3 Be6 16. Nd2 f6 17. Ne4 Kh8 18. Qg3 Bg8 19. h4 Bf7 20. Bc4 Qc6 21. Bb3
Rd7 22. Qf3 Rad8 23. h5 gxh5 24. Ng3 h4 25. Nf5 Nb6 26. Qxc6 bxc6 27. Bxf7 Rxf7
28. Kf1 h3 29. gxh3 Bf8 30. Ke2 Rfd7 31. Rg1 Na4 32. Rb1 Ba3 33. Rg3 Bxb2 34.
Bxb2 Rd2+ 35. Kf1 Nxb2 36. Nh6 Rf8 37. c4 f5 38. Rg5 e4 39. Rxf5 Kg7 40. Rxf8
Kxf8 41. Ng4 Nxc4 42. Rb8+ Ke7 43. Rb7+ Ke6 44. Rxh7 Rxa2 45. Rh6+ Kd5 46. h4
e3 47. Nxe3+ Nxe3+ 48. fxe3 c5 49. Rh8 Ke4 50. h5 Kf3 51. Kg1 Rg2+ 52. Kh1 Rg4
53. h6 Kf2 54. Rf8+ Kxe3 55. Rh8 Kd4 56. Kh2 Kc4 57. Kh3 Rd4 58. h7 Rd7 59. Kg4
a5 60. Kg5 Ra7 61. Kg6 Ra6+ 1/2-1/2

[Event "Croacia ch 2008"]
[Site "Split CRO"]
[Date "2008.01.17"]
[Round "2.2"]
[White "Rezan, Sasa"]
[Black "Dizdar, Goran"]
[Result "1/2-1/2"]
[WhiteElo "2390"]
[BlackElo "2564"]
[PlyCount "63"]
[EventDate "2008.01.16"]
[EventType "tourn"]
[EventRounds "13"]
[EventCountry "CRO"]
[EventCategory "12"]
[Source "lmi"]
[SourceDate "2008.01.16"]

1. d4 d5 2. c4 e6 3. Nc3 Bb4 4. Nf3 Nf6 5. cxd5 exd5 6. Bg5 h6 7. Bxf6 Qxf6 8.
Qb3 c5 9. e3 O-O 10. dxc5 Bxc3+ 11. Qxc3 Qxc3+ 12. bxc3 Be6 13. Nd4 Rc8 14. Rb1
Nd7 15. Rxb7 Nxc5 16. Rb4 a5 17. Rb1 Ne4 18. a4 Rxc3 19. Bb5 Rac8 20. Ke2 Rc2+
21. Nxc2 Rxc2+ 22. Ke1 Rxf2 23. Rg1 Ra2 24. Bd3 Rxa4 25. Bxe4 Rxe4 26. Kf2 d4
27. exd4 Rxd4 28. Rgd1 Rf4+ 29. Ke3 Rh4 30. h3 Ra4 31. Ra1 Bb3 32. Rd8+ 1/2-1/2

[Event "Croacia ch 2008"]
[Site "Split CRO"]
[Date "2008.01.17"]
[Round "2.3"]
[White "Hulak, Krunoslav"]
[Black "Kozul, Zdenko"]
[Result "1/2-1/2"]
[WhiteElo "2552"]
[BlackElo "2600"]
[PlyCount "21"]
[EventDate "2008.01.16"]
[EventType "tourn"]
[EventRounds "13"]
[EventCountry "CRO"]
[EventCategory "12"]
[Source "lmi"]
[SourceDate "2008.01.16"]

1. Nf3 Nf6 2. c4 g6 3. g3 c6 4. Bg2 Bg7 5. O-O O-O 6. d4 d5 7. cxd5 cxd5 8. Nc3
e6 9. Bg5 Qb6 10. Bxf6 Bxf6 11. Qd2 1/2-1/2

[Event "Croacia ch 2008"]
[Site "Split CRO"]
[Date "2008.01.17"]
[Round "2.4"]
[White "Saric, Ivan"]
[Black "Stevic, Hrvoje"]
[Result "1-0"]
[WhiteElo "2482"]
[BlackElo "2531"]
[PlyCount "75"]
[EventDate "2008.01.16"]
[EventType "tourn"]
[EventRounds "13"]
[EventCountry "CRO"]
[EventCategory "12"]
[Source "lmi"]
[SourceDate "2008.01.16"]

1. e4 e5 2. Nf3 Nc6 3. Bc4 Nf6 4. d3 Be7 5. O-O O-O 6. Re1 d6 7. a4 Na5 8. Ba2
c5 9. Nc3 Nc6 10. Nd5 Nxd5 11. Bxd5 Kh8 12. c3 f5 13. h3 Bf6 14. Bd2 f4 15. b4
cxb4 16. cxb4 g5 17. Nh2 Qe8 18. b5 Nd4 19. Bc3 Qg6 20. Bxd4 exd4 21. Rc1 Bd8
22. e5 Ba5 23. Re2 dxe5 24. Rxe5 Bf5 25. Be4 Bxe4 26. dxe4 Rad8 27. Qd3 Bc3 28.
Nf3 h6 29. Rd1 g4 30. Nh4 Qf6 31. Rh5 Rg8 32. Nf5 Rg6 33. hxg4 Re8 34. Qh3 Re6
35. g5 Qe5 36. Nxh6 Qxe4 37. Nf5+ Kg8 38. Rh8+ 1-0

[Event "Croacia ch 2008"]
[Site "Split CRO"]
[Date "2008.01.17"]
[Round "2.5"]
[White "Palac, Mladen"]
[Black "Zelcic, Robert"]
[Result "1/2-1/2"]
[WhiteElo "2575"]
[BlackElo "2587"]
[PlyCount "29"]
[EventDate "2008.01.16"]
[EventType "tourn"]
[EventRounds "13"]
[EventCountry "CRO"]
[EventCategory "12"]
[Source "lmi"]
[SourceDate "2008.01.16"]

1. d4 d5 2. c4 e6 3. Nc3 c5 4. cxd5 exd5 5. Nf3 Nc6 6. g3 Nf6 7. Bg2 Be7 8. O-O
O-O 9. dxc5 Bxc5 10. Bg5 d4 11. Ne4 Be7 12. Bxf6 Bxf6 13. Ne1 Bf5 14. Nd3 Bxe4
15. Bxe4 1/2-1/2

[Event "Croacia ch 2008"]
[Site "Split CRO"]
[Date "2008.01.18"]
[Round "3.1"]
[White "Zelcic, Robert"]
[Black "Brkic, Ante"]
[Result "1/2-1/2"]
[WhiteElo "2587"]
[BlackElo "2558"]
[PlyCount "119"]
[EventDate "2008.01.16"]
[EventType "tourn"]
[EventRounds "13"]
[EventCountry "CRO"]
[EventCategory "12"]
[Source "lmi"]
[SourceDate "2008.01.16"]

1. e4 c5 2. Nf3 d6 3. d4 cxd4 4. Qxd4 Nc6 5. Bb5 Bd7 6. Bxc6 Bxc6 7. Nc3 Nf6 8.
Bg5 e6 9. O-O-O Be7 10. Qd3 Qa5 11. h4 h6 12. Bxf6 Bxf6 13. Nd4 Qb6 14. Nxc6
bxc6 15. Qxd6 Rb8 16. Qd7+ Kf8 17. Na4 Bxb2+ 18. Nxb2 Qxb2+ 19. Kd2 Qb4+ 20.
Ke3 Qc5+ 21. Qd4 Qxd4+ 22. Rxd4 Ke7 23. Ra4 Rb7 24. Ra6 Rc8 25. Rd1 Rcc7 26.
Rd3 Rb6 27. Ra4 e5 28. Rda3 Rbb7 29. Ra5 Ke6 30. h5 Rb2 31. Rc5 Kd6 32. Rc4 Rd7
33. Rcc3 Rc7 34. Ra4 Rcb7 35. Kd2 R2b4 36. Rxb4 Rxb4 37. Rg3 Rxe4 38. Rxg7 Rf4
39. Ke3 Ke7 40. Rh7 Rc4 41. Kd3 Rd4+ 42. Kc3 Rd6 43. Rh8 e4 44. Ra8 Rf6 45.
Rxa7+ Kd6 46. Ra4 Rxf2 47. Rxe4 Rxg2 48. Rf4 Ke6 49. a4 Rg1 50. Re4+ Kd5 51.
Re8 Kc5 52. Rh8 Rg4 53. Kb3 Rb4+ 54. Ka3 Rc4 55. Rxh6 Rxc2 56. a5 Kb5 57. Rh8
Rc3+ 58. Kb2 Rh3 59. h6 Ka6 60. h7 1/2-1/2

[Event "Croacia ch 2008"]
[Site "Split CRO"]
[Date "2008.01.18"]
[Round "3.2"]
[White "Stevic, Hrvoje"]
[Black "Palac, Mladen"]
[Result "1/2-1/2"]
[WhiteElo "2531"]
[BlackElo "2575"]
[PlyCount "30"]
[EventDate "2008.01.16"]
[EventType "tourn"]
[EventRounds "13"]
[EventCountry "CRO"]
[EventCategory "12"]
[Source "lmi"]
[SourceDate "2008.01.16"]

1. e4 c5 2. c3 Nf6 3. e5 Nd5 4. d4 cxd4 5. Nf3 Nc6 6. cxd4 d6 7. Bc4 dxe5 8.
dxe5 Ndb4 9. a3 Qxd1+ 10. Kxd1 Na6 11. b4 Bg4 12. Bb2 Nc7 13. Nbd2 e6 14. Ke2
O-O-O 15. Rac1 Bh5 1/2-1/2

[Event "Croacia ch 2008"]
[Site "Split CRO"]
[Date "2008.01.18"]
[Round "3.4"]
[White "Dizdar, Goran"]
[Black "Hulak, Krunoslav"]
[Result "0-1"]
[WhiteElo "2564"]
[BlackElo "2552"]
[PlyCount "252"]
[EventDate "2008.01.16"]
[EventType "tourn"]
[EventRounds "13"]
[EventCountry "CRO"]
[EventCategory "12"]
[Source "lmi"]
[SourceDate "2008.01.16"]

1. Nf3 Nf6 2. c4 c5 3. Nc3 Nc6 4. d4 cxd4 5. Nxd4 e6 6. Ndb5 Bb4 7. Bf4 O-O 8.
Bc7 Qe7 9. Bd6 Bxd6 10. Qxd6 Ne8 11. Qxe7 Nxe7 12. O-O-O d5 13. cxd5 exd5 14.
e3 a6 15. Nd4 Nf6 16. Bd3 Bd7 17. b3 g6 18. f3 h5 19. h4 Rfe8 20. Kd2 Nc8 21.
a4 Nd6 22. a5 Rac8 23. Ra1 Rc5 24. Rhc1 Kf8 25. Nce2 Rec8 26. Rxc5 Rxc5 27. Nf4
Ke7 28. Ra3 Rc7 29. Ra2 Rc5 30. Ra1 Rc7 31. Ra3 Rc5 32. Ra2 Rc7 33. Rc2 Rxc2+
34. Nxc2 Nde8 35. Kc3 Kd6 36. Kd4 Nc7 37. Nb4 Bb5 38. e4 dxe4 39. Bxe4 Nxe4 40.
fxe4 Ne6+ 41. Nxe6 Kxe6 42. Nd5 Kd6 43. e5+ Kd7 44. Kc5 Bc6 45. Nf4 Be4 46. g3
Ke7 47. b4 Bc6 48. Ne2 Kd7 49. Nf4 Be4 50. Kd4 Bf5 51. Kd5 Bg4 52. Kc5 Bf5 53.
b5 axb5 54. Kxb5 Be4 55. Kc5 Bf3 56. Kd4 Kc6 57. Kc4 Be4 58. Ne2 Bd5+ 59. Kb4
Bg2 60. Nf4 Be4 61. Ne2 Bb1 62. Nf4 Ba2 63. Ne2 Bb1 64. Nf4 Bf5 65. Kc4 Bb1 66.
Ne2 Ba2+ 67. Kb4 Bb1 68. Nf4 Ba2 69. Ne2 Bb1 70. Nc3 Bd3 71. Na4 Kd5 72. Nc5
Ba6 73. Nd7 Kd4 74. Nc5 Kd5 75. Nd7 Kd4 76. Nc5 Kxe5 77. Nxa6 bxa6 78. Kc5 f6
79. Kb6 Kd6 80. Kxa6 Kc6 81. Ka7 g5 82. hxg5 fxg5 83. a6 Kc7 84. g4 hxg4 85.
Ka8 g3 86. a7 Kd7 87. Kb7 g2 88. a8=Q g1=Q 89. Qg8 Qb1+ 90. Ka6 Qf5 91. Qg7+
Ke6 92. Qg8+ Ke5 93. Ka5 Kf4+ 94. Ka6 g4 95. Qd8 Qe6+ 96. Ka5 g3 97. Qd4+ Qe4
98. Qd1 g2 99. Qd2+ Kg3 100. Qg5+ Kf2 101. Qf6+ Ke2 102. Qb2+ Kf1 103. Qf6+ Ke1
104. Qa1+ Kf2 105. Qf6+ Kg3 106. Qc3+ Kf4 107. Qd2+ Kg4 108. Qd1+ Qf3 109. Qd4+
Qf4 110. Qd1+ Kh4 111. Qe1+ Kh3 112. Qe6+ Kg3 113. Qe1+ Kg4 114. Qd1+ Kg5 115.
Qd8+ Kh5 116. Qe8+ Kg4 117. Qe2+ Kg3 118. Qe1+ Kf3 119. Qd1+ Kf2 120. Qc2+ Kg3
121. Qd3+ Qf3 122. Qd6+ Qf4 123. Qd3+ Kg4 124. Qe2+ Qf3 125. Qe1 Qd5+ 126. Kb6
Qd4+ 0-1

[Event "Croacia ch 2008"]
[Site "Split CRO"]
[Date "2008.01.18"]
[Round "3.5"]
[White "Kurajica, Bojan"]
[Black "Rezan, Sasa"]
[Result "1-0"]
[WhiteElo "2556"]
[BlackElo "2390"]
[PlyCount "105"]
[EventDate "2008.01.16"]
[EventType "tourn"]
[EventRounds "13"]
[EventCountry "CRO"]
[EventCategory "12"]
[Source "lmi"]
[SourceDate "2008.01.16"]

1. Nf3 Nf6 2. c4 e6 3. g3 d5 4. Bg2 dxc4 5. Qa4+ Nbd7 6. Ne5 c6 7. Nxd7 Bxd7 8.
Qxc4 e5 9. O-O Be6 10. Qc2 Qd7 11. d3 Bh3 12. Nd2 Bd6 13. Nc4 Bxg2 14. Kxg2 O-O
15. a3 Bc7 16. b4 Qd5+ 17. f3 Qe6 18. e4 b5 19. Nd2 a5 20. Bb2 axb4 21. axb4
Qd6 22. Qc3 Rad8 23. Ra6 Qxd3 24. Rf2 Qxc3 25. Bxc3 Nd7 26. Rxc6 Bb6 27. Re2
Rc8 28. Rxc8 Rxc8 29. Nb1 Rc4 30. Be1 Nf8 31. Na3 Rc1 32. Nxb5 Ne6 33. Nc3 h5
34. Nd5 Nd4 35. Rb2 Rxe1 36. Nxb6 Re3 37. Nc4 Rxf3 38. Nxe5 Re3 39. b5 Rxe4 40.
Nf3 Nf5 41. b6 Re8 42. b7 Rb8 43. Ne5 Nd6 44. Rb6 Rxb7 45. Rxd6 f6 46. Nd3 Kh7
47. h4 Kh6 48. Nf4 Rb2+ 49. Kh3 Rb7 50. Rd8 g6 51. Rg8 Kh7 52. Rxg6 Rb6 53. Kg2
1-0

[Event "Croacia ch 2008"]
[Site "Split CRO"]
[Date "2008.01.19"]
[Round "4.1"]
[White "Rezan, Sasa"]
[Black "Jankovic, Alojzije"]
[Result "0-1"]
[WhiteElo "2390"]
[BlackElo "2541"]
[PlyCount "82"]
[EventDate "2008.01.16"]
[EventType "tourn"]
[EventRounds "13"]
[EventCountry "CRO"]
[EventCategory "12"]
[Source "lmi"]
[SourceDate "2008.01.16"]

1. e4 c5 2. Nf3 d6 3. d4 cxd4 4. Nxd4 Nf6 5. Nc3 Nc6 6. Bc4 e6 7. Be3 a6 8. Qd2
Qc7 9. Bb3 Na5 10. O-O-O b5 11. Kb1 b4 12. Ba4+ Bd7 13. Bxd7+ Qxd7 14. Nd5 exd5
15. Qxb4 Nc6 16. Nxc6 Qxc6 17. exd5 Qd7 18. Rhe1 Be7 19. Bf4 O-O 20. Rxe7 Qxe7
21. Bxd6 Qe2 22. Re1 Qxf2 23. Bxf8 Rxf8 24. d6 Rc8 25. c4 h5 26. Rc1 Qf5+ 27.
Rc2 Ne4 28. a3 Nc5 29. Qd2 Rd8 30. Qd4 Re8 31. b4 Re1+ 32. Kb2 Na4+ 33. Kb3
Rb1+ 34. Kxa4 Qxc2+ 35. Ka5 Qb3 36. Kb6 Qxa3 37. b5 axb5 38. c5 Ra1 39. Qxa1
Qxa1 40. c6 Qd4+ 41. Kc7 Qe5 0-1

[Event "Croacia ch 2008"]
[Site "Split CRO"]
[Date "2008.01.19"]
[Round "4.3"]
[White "Saric, Ivan"]
[Black "Dizdar, Goran"]
[Result "1/2-1/2"]
[WhiteElo "2482"]
[BlackElo "2564"]
[PlyCount "75"]
[EventDate "2008.01.16"]
[EventType "tourn"]
[EventRounds "13"]
[EventCountry "CRO"]
[EventCategory "12"]
[Source "lmi"]
[SourceDate "2008.01.16"]

1. e4 e6 2. d4 d5 3. Nc3 Nf6 4. e5 Nfd7 5. f4 c5 6. Nf3 Nc6 7. Be3 Be7 8. dxc5
O-O 9. Qd2 Bxc5 10. O-O-O Qb6 11. Bxc5 Nxc5 12. Kb1 Bd7 13. f5 d4 14. Nxd4 Nxe5
15. fxe6 Bxe6 16. Nxe6 fxe6 17. Qe2 Nf7 18. g3 Nd6 19. Bg2 Rad8 20. a3 a5 21.
Rd4 Nf5 22. Rxd8 Rxd8 23. Rd1 Rxd1+ 24. Qxd1 Ne3 25. Qe2 Nxg2 26. Qxg2 Qd6 27.
Qe2 h6 28. Qc4 b6 29. b4 axb4 30. axb4 Na6 31. Qxa6 Qxb4+ 32. Kc1 Qxc3 33. Qxb6
Qe1+ 34. Kb2 e5 35. Qe6+ Kh7 36. Qf5+ Kg8 37. Qc8+ Kh7 38. Qf5+ 1/2-1/2

[Event "Croacia ch 2008"]
[Site "Split CRO"]
[Date "2008.01.19"]
[Round "4.5"]
[White "Brkic, Ante"]
[Black "Stevic, Hrvoje"]
[Result "0-1"]
[WhiteElo "2558"]
[BlackElo "2531"]
[PlyCount "66"]
[EventDate "2008.01.16"]
[EventType "tourn"]
[EventRounds "13"]
[EventCountry "CRO"]
[EventCategory "12"]
[Source "lmi"]
[SourceDate "2008.01.16"]

1. e4 e5 2. Nf3 Nc6 3. Bc4 Nf6 4. d3 Be7 5. O-O O-O 6. Re1 d6 7. a4 Na5 8. Ba2
c5 9. c3 Nc6 10. Na3 Be6 11. Bxe6 fxe6 12. Nc2 Rc8 13. b4 cxb4 14. cxb4 d5 15.
Ba3 dxe4 16. dxe4 Qb6 17. Qe2 a5 18. bxa5 Qxa5 19. Bxe7 Nxe7 20. Ne3 Ng6 21.
Qb2 Nxe4 22. Qxb7 Nc3 23. Qb3 Nf4 24. Kh1 e4 25. Nd2 Qe5 26. Ndc4 Qd4 27. Rec1
Nce2 28. Rf1 Nd3 29. Rad1 Rxf2 30. Qb6 Qf6 31. Nd6 Rxf1+ 32. Rxf1 Nf2+ 33. Rxf2
Rc1+ 0-1

[Event "Croacia ch 2008"]
[Site "Split CRO"]
[Date "2008.01.19"]
[Round "4.6"]
[White "Cvitan, Ognjen"]
[Black "Zelcic, Robert"]
[Result "0-1"]
[WhiteElo "2535"]
[BlackElo "2587"]
[PlyCount "166"]
[EventDate "2008.01.16"]
[EventType "tourn"]
[EventRounds "13"]
[EventCountry "CRO"]
[EventCategory "12"]
[Source "lmi"]
[SourceDate "2008.01.16"]

1. d4 Nf6 2. c4 e6 3. Nf3 Bb4+ 4. Nbd2 O-O 5. e3 d5 6. a3 Be7 7. Bd3 c5 8. dxc5
a5 9. O-O Nbd7 10. b3 Nxc5 11. Be2 dxc4 12. Bxc4 Nd3 13. Bxd3 Qxd3 14. Nc4 Qxd1
15. Rxd1 b5 16. Nb6 Rb8 17. Nxc8 Rfxc8 18. Bb2 Rc2 19. Be5 Rbc8 20. Ne1 R2c6
21. a4 bxa4 22. Rxa4 Rc5 23. Bb2 Rb5 24. Nf3 Bb4 25. Raa1 Ne4 26. Rac1 Rxc1 27.
Rxc1 h6 28. Kf1 Bc5 29. Bd4 Bd6 30. Bc3 e5 31. Be1 Kh7 32. Rc4 f5 33. h3 Nc5
34. b4 Nd3 35. bxa5 Rb1 36. e4 Bb4 37. Rxb4 Nxb4 38. Ke2 fxe4 39. Nxe5 Rb2+ 40.
Bd2 Ra2 41. Nc4 Nc2 42. Kd1 Nd4 43. Be3 Nb5 44. Bd2 Ra4 45. Nb6 Ra1+ 46. Ke2
Ra3 47. Kd1 Nd4 48. Kc1 Ra2 49. Be3 Ne2+ 50. Kd1 Nc3+ 51. Ke1 Kg6 52. Nc4 Kf7
53. Bd4 Nb5 54. Bb6 Ke6 55. g3 g6 56. Kf1 Nc3 57. Ne3 Nb1 58. Kg2 Nd2 59. h4
Nf3 60. Nf1 Ra1 61. Be3 h5 62. Nd2 Ne1+ 63. Kh3 Kf5 64. Bb6 Nf3 65. Nc4 Ke6 66.
Ne3 Ra2 67. Nf1 Ne5 68. Kg2 Ng4 69. Kg1 Kd6 70. Kg2 Kc6 71. Kg1 Kb5 72. Nh2 e3
73. Bxe3 Nxe3 74. fxe3 Kc4 75. Nf3 Rxa5 76. Ne1 Kd5 77. Ng2 Ke4 78. Kh2 Ra2 79.
Kh3 Kf3 80. Nf4 Ra6 81. Nd5 Ra1 82. Kh2 Ra2+ 83. Kh3 Rg2 0-1

[Event "Croacia ch 2008"]
[Site "Split CRO"]
[Date "2008.01.20"]
[Round "5.1"]
[White "Stevic, Hrvoje"]
[Black "Cvitan, Ognjen"]
[Result "1/2-1/2"]
[WhiteElo "2531"]
[BlackElo "2535"]
[PlyCount "40"]
[EventDate "2008.01.16"]
[EventType "tourn"]
[EventRounds "13"]
[EventCountry "CRO"]
[EventCategory "12"]
[Source "lmi"]
[SourceDate "2008.01.16"]

1. e4 c5 2. c3 d5 3. exd5 Qxd5 4. d4 Nf6 5. Nf3 Bg4 6. Be2 e6 7. O-O Nc6 8. h3
Bh5 9. Be3 cxd4 10. Nxd4 Bxe2 11. Qxe2 Nxd4 12. Bxd4 Be7 13. Rd1 Qc6 14. c4 O-O
15. Nc3 Rfd8 16. Rd2 Rd7 17. Rad1 Rad8 18. Be3 Rxd2 19. Rxd2 Rxd2 20. Qxd2 Qxc4
1/2-1/2

[Event "Croacia ch 2008"]
[Site "Split CRO"]
[Date "2008.01.20"]
[Round "5.3"]
[White "Dizdar, Goran"]
[Black "Palac, Mladen"]
[Result "1/2-1/2"]
[WhiteElo "2564"]
[BlackElo "2575"]
[PlyCount "41"]
[EventDate "2008.01.16"]
[EventType "tourn"]
[EventRounds "13"]
[EventCountry "CRO"]
[EventCategory "12"]
[Source "lmi"]
[SourceDate "2008.01.16"]

1. Nf3 c5 2. c4 Nc6 3. d4 cxd4 4. Nxd4 Nf6 5. Nc3 e6 6. Bf4 d5 7. Ndb5 e5 8.
cxd5 exf4 9. dxc6 bxc6 10. Qxd8+ Kxd8 11. O-O-O+ Bd7 12. Nd6 Bxd6 13. Rxd6 Ng4
14. Nd1 Ke7 15. Rd4 g5 16. f3 Nf6 17. e3 c5 18. Rd2 Be6 19. exf4 gxf4 20. Nc3
Rad8 21. Bd3 1/2-1/2

[Event "Croacia ch 2008"]
[Site "Split CRO"]
[Date "2008.01.20"]
[Round "5.4"]
[White "Kurajica, Bojan"]
[Black "Saric, Ivan"]
[Result "1/2-1/2"]
[WhiteElo "2556"]
[BlackElo "2482"]
[PlyCount "62"]
[EventDate "2008.01.16"]
[EventType "tourn"]
[EventRounds "13"]
[EventCountry "CRO"]
[EventCategory "12"]
[Source "lmi"]
[SourceDate "2008.01.16"]

1. Nf3 g6 2. g3 Bg7 3. Bg2 d5 4. O-O Nf6 5. c4 dxc4 6. Qa4+ Nfd7 7. Qxc4 Nb6 8.
Qc2 Nc6 9. d3 O-O 10. Nbd2 Be6 11. Nb3 Bd5 12. Be3 Nb4 13. Qd2 a5 14. Nxa5 Rxa5
15. Qxb4 Ra4 16. Qb5 Qd7 17. Qxd7 Nxd7 18. d4 Rb4 19. b3 c5 20. dxc5 Bxa1 21.
Rxa1 Ra8 22. Rd1 e6 23. Ne1 Rxa2 24. Bxd5 exd5 25. Rxd5 Nf6 26. Rd8+ Kg7 27.
Nd3 Rxb3 28. Bd4 Rxe2 29. Nf4 Re4 30. Rd6 Rxd4 31. Rxd4 b6 1/2-1/2

[Event "Croacia ch 2008"]
[Site "Split CRO"]
[Date "2008.01.20"]
[Round "5.6"]
[White "Jovanovic, Zoran"]
[Black "Rezan, Sasa"]
[Result "1/2-1/2"]
[WhiteElo "2525"]
[BlackElo "2390"]
[PlyCount "58"]
[EventDate "2008.01.16"]
[EventType "tourn"]
[EventRounds "13"]
[EventCountry "CRO"]
[EventCategory "12"]
[Source "lmi"]
[SourceDate "2008.01.16"]

1. e4 c5 2. Nf3 e6 3. Nc3 d6 4. d4 cxd4 5. Qxd4 Nc6 6. Bb5 Bd7 7. Bxc6 Bxc6 8.
Bg5 Nf6 9. O-O-O Be7 10. Qd3 Qa5 11. h4 O-O 12. Nd4 Rfc8 13. f4 Qa6 14. Qxa6
bxa6 15. Nxc6 Rxc6 16. e5 dxe5 17. fxe5 Nd5 18. Nxd5 Bxg5+ 19. hxg5 exd5 20.
Rxd5 Rg6 21. Rhd1 Kf8 22. Rd7 Re8 23. Rxa7 Rxg5 24. Rf1 Rxg2 25. Rxa6 Rxe5 26.
Ra8+ Re8 27. Ra7 Re7 28. Ra8+ Re8 29. Ra7 Re7 1/2-1/2

[Event "Croacia ch 2008"]
[Site "Split CRO"]
[Date "2008.01.21"]
[Round "6.2"]
[White "Saric, Ivan"]
[Black "Jankovic, Alojzije"]
[Result "1-0"]
[WhiteElo "2482"]
[BlackElo "2541"]
[PlyCount "75"]
[EventDate "2008.01.16"]
[EventType "tourn"]
[EventRounds "13"]
[EventCountry "CRO"]
[EventCategory "12"]
[Source "lmi"]
[SourceDate "2008.01.16"]

1. e4 c5 2. Nf3 d6 3. d4 cxd4 4. Nxd4 Nf6 5. Nc3 Nc6 6. Bg5 e6 7. Qd2 a6 8.
O-O-O Bd7 9. f4 b5 10. Bxf6 gxf6 11. Kb1 Qb6 12. Nxc6 Bxc6 13. f5 Qc5 14. Bd3
h5 15. fxe6 fxe6 16. e5 fxe5 17. Ne4 Bxe4 18. Bxe4 O-O-O 19. Qa5 Qa7 20. Bc6
Rh7 21. a4 bxa4 22. Rd3 Rc7 23. Rc3 d5 24. Rf1 Be7 25. Rf7 Rd6 26. Rxe7 Rxe7
27. Qb4 Rxc6 28. Rxc6+ Rc7 29. Rb6 Rd7 30. Rxe6 Qg1+ 31. Ka2 Qd4 32. Re8+ Rd8
33. Rxd8+ Kxd8 34. Qxd4 exd4 35. Ka3 Kc7 36. Kxa4 Kd6 37. b4 Ke5 38. Ka5 1-0